The Chemistry Rainbow - Statistics

General Stats
  • This quiz has been taken 98 times
  • The average score is 7 of 12
Answer Stats
Flame Color Color In Solution Answer % Correct
Yellow** N/A Sodium
92%
Green N/A Copper
84%
N/A Blue Copper
84%
Violet N/A Potassium
82%
N/A Yellow Iron(III)
80%
Red N/A Lithium
73%
N/A Red Cobalt
54%
N/A Violet*** Manganese
54%
N/A Orange Chromium
45%
Orange* N/A Strontium
40%
N/A Green Vanadium(III)
35%
Blue N/A Selenium
14%
No matching quizzes found
Score Distribution
Percent of People with Each Score
Percentile by Number Answered
Your Score History
You have not taken this quiz